Čs. státní statistika v roce 1992.

Prechod k trhovej ekonomike vedie ku zmenám aj v čs. štátnej štatistike. Úlohy FSÚ, ČSÚ a SŠÚ v nových podmienkach. Charakteristika faktorov spôsobujúcich zmeny v štátnej štatistike. Povaha inovovaných štatistických ukazovateľov. Dostupnosť štatistických informácií. Nároky na spravodajské jednotky.

Salvato in:
Dettagli Bibliografici
Autore principale: Jílek, Josef
Natura: Capitolo di libro
Lingua:ceco
Soggetti:
Tags: Aggiungi Tag
Nessun Tag, puoi essere il primo ad aggiungerne!!

MARC

LEADER 00000naa a2200000 4500
001 r009365
005 20220831090503.3
041 0 |a cze 
044 |a [CS] 
245 1 0 |a Čs. státní statistika v roce 1992.  |c J. Jílek 
520 |a Prechod k trhovej ekonomike vedie ku zmenám aj v čs. štátnej štatistike. Úlohy FSÚ, ČSÚ a SŠÚ v nových podmienkach. Charakteristika faktorov spôsobujúcich zmeny v štátnej štatistike. Povaha inovovaných štatistických ukazovateľov. Dostupnosť štatistických informácií. Nároky na spravodajské jednotky. 
610 2 0 |a štatistika 
610 2 0 |a ČSFR 
610 2 0 |a 1992 
610 2 0 |a organizácia štatistiky 
610 2 0 |a ukazovatele štatistické 
610 2 0 |a údaje štatistické 
610 2 0 |a organizácie medzinárodné 
610 2 0 |a clá 
610 2 0 |a informácie 
610 2 0 |a úrady štatistické 
100 1 |a Jílek, Josef